Ballon d'Or Trivia - Statistics

General Stats
  • This quiz has been taken 166 times
  • The average score is 10 of 14
Answer Stats
Hint Answer % Correct
And which player has the second most (5)? Cristiano Ronaldo
94%
Which player has won the most Ballons d'Or (8)? Lionel Messi
94%
Before 1995, the Ballon d'Or could only be won by players from what part of the world? Europe
89%
Name one of the three countries that have produced five different winners, more than any other. France | Germany | Italy
88%
What year was the Ballon d'Or first awarded? 1956
86%
And what country are both of those players from? Spain
81%
What does 'Ballon d'Or' mean in English? Golden Ball
74%
Name either of the two players to have won the Ballon d'Or Féminin (women's Ballon d'Or) twice. Alexia Putellas | Aitana Bonmatí
67%
And who won? Stanley Matthews
61%
What special award was given to Alfredo Di Stefano in 1989 for being the best player to have won the Ballon d'Or multiple times? Super Ballon d'Or
54%
What is the name of the magazine who presents the award? France Football
53%
And what club did he play for at the time? Hint: They're from England, and are not in the Premier League. Blackpool
40%
And who won a similar award in 2013? Pelé
36%
Who won the Golden Ballon d'Or in 1995 for his services to football? Diego Maradona
34%
No matching quizzes found
Score Distribution
Percent of People with Each Score
Percentile by Number Answered
Your Score History
You have not taken this quiz